000 00390nam a22001697a 4500
005 20160622101218.0
008 160622b xxu||||| |||| 00| 0 eng d
020 _a0-07-451979-4
041 _aeng
082 _b8868
100 _avohra, N.D
_92441
245 _aQuantitative Techneques in Management
260 _bTMH
_c1998
300 _a724
650 _aManagement
_9241
942 _cBK
999 _c3465
_d3464